书目信息 |
| 题名: |
核苷化学合成
|
|
| 作者: | 姚其正 编著 | |
| 分册: | ||
| 出版信息: | 北京 化学工业出版社 2005.6 |
|
| 页数: | 345页 | |
| 开本: | 26cm | |
| 丛书名: | ||
| 单 册: | ||
| 中图分类: | Q525 | |
| 科图分类: | ||
| 主题词: | 核苷--he gan--化学合成 , 核苷--he gan , 化学合成--hua xue he cheng | |
| 电子资源: | ||
| ISBN: | 7-5025-6943-X | |
| 000 | 00892nam0 2200265 45 | |
| 001 | 012005000794 | |
| 005 | 20061226145904.25 | |
| 010 | @a7-5025-6943-X@dCNY48.00 | |
| 100 | @a20050718d2005 em y0chiy0121 ea | |
| 101 | 0 | @achi |
| 102 | @aCN@b110000 | |
| 105 | @aa a 000yy | |
| 200 | 1 | @a核苷化学合成@Ahe gan hua xue he cheng@f姚其正编著 |
| 210 | @a北京@c化学工业出版社@d2005.6 | |
| 215 | @a345页@c图@d26cm | |
| 320 | @a有书目 | |
| 330 | @a本书是一部有特色的完整的核坩化学合成专著, 全书主要包括: 核坩与核坩化学结构及其多方面的应用, 核坩与核坩酸化学合成的重要意义; 嘧啶等核苷碱基的合成方法等。 | |
| 333 | @a阅读对象: 有机化学、生物化学等专业高年级本科生等 | |
| 606 | 0 | @a核苷@Ahe gan@x化学合成 |
| 606 | 0 | @a核苷@Ahe gan |
| 606 | 0 | @a化学合成@Ahua xue he cheng |
| 690 | @aQ525@v4 | |
| 701 | 0 | @a姚其正@Ayao qi zheng@4编著 |
| 801 | 0 | @aCN@c20061226 |
| 905 | @a10447@dQ525@eY360 | |
| 核苷化学合成/姚其正编著.-北京:化学工业出版社,2005.6 |
| 345页:图;26cm |
| 使用对象:阅读对象: 有机化学、生物化学等专业高年级本科生等 |
| ISBN 7-5025-6943-X:CNY48.00 |
| 本书是一部有特色的完整的核坩化学合成专著, 全书主要包括: 核坩与核坩化学结构及其多方面的应用, 核坩与核坩酸化学合成的重要意义; 嘧啶等核苷碱基的合成方法等。 |
| ● |
| 相关链接 |
|
|
|
正题名:核苷化学合成
索取号:Q525/Y360
 
预约/预借
| 序号 | 登录号 | 条形码 | 馆藏地/架位号 | 状态 | 备注 |
| 1 | 641033 | 206410338 | 自科库401/401自科库 30排1列1层/ [索取号:Q525/Y360] | 在馆 | |
| 2 | 641034 | 206410347 | 自科库401/401自科库 30排1列1层/ [索取号:Q525/Y360] | 在馆 | |
| 3 | 641035 | 206410356 | 自科库401/401自科库 30排1列1层/ [索取号:Q525/Y360] | 在馆 |